000 01270nam a2200349 i 4500
003 EG-GICUC
005 20260327172929.0
008 260119s1971 ua |||fr|||| 000 0 ara d
017 _a6170/1970
040 _a EG-GICUC
_bara
_c EG-GICUC
_d EG-GICUC
_erda
041 _aara
082 0 4 _221
_a343.6
_bي س . ع
092 0 4 _221
099 _aLaw1 10 343.6 ي س . ع 1971
100 0 _aيسر أنور علي
_eمؤلف.
245 1 0 _aعلم الاجرام /
_cتأليف الدكتور يسر أنور علي، الدكتورة أمال عبدالرحيم عثمان.
250 _aالطبعة الثانية
264 1 _aالقاهرة :
_bدار النهضة العربية،
_c1971.
264 3 _bالمطبعة العالمية
300 _a386 صفحة؛
_c24 سم.
336 _2rda content
_atext
337 _2rda media
_aComputer
338 _2rda carrier
_aOnline Resource
546 _aالنص باللغة العربية
650 1 4 _aعلم الإجرام
_2qrmak
650 1 4 _aالقانون الجنائى
_2qrmak
651 1 _2qrmak
700 0 _aأمال عبدالرحيم عثمان
_eمؤلف مشارك.
856 4 0 _uhttps://fll.law.cu.edu.eg/fulltext/bks/B10-07892.pdf
905 _a54
_eYara
942 _2ddc
_cBK
_e21
_n0
999 _c57718
_d57718